Buddhist Ecology/ (Record no. 190548)
[ view plain ]
| 000 -LEADER | |
|---|---|
| fixed length control field | 00490nam a22001697a 4500 |
| 005 - DATE AND TIME OF LATEST TRANSACTION | |
| control field | 20220727151738.0 |
| 010 ## - LCCN (DPL NO) | |
| LC control number | ENG-134002 |
| 020 ## - INTERNATIONAL STANDARD BOOK NUMBER | |
| Terms of availability | 550.00 |
| International Standard Book Number | 978-81-7854-229-4 |
| 035 ## - SYSTEM CONTROL NUMBER | |
| System control number | EN-117534 |
| 037 ## - SOURCE OF ACQUISITION | |
| Source of stock number/acquisition | DBAD/PUB |
| 100 ## - MAIN ENTRY--PERSONAL NAME | |
| Personal name | GIO HUONG |
| 245 ## - TITLE STATEMENT | |
| Title | Buddhist Ecology/ |
| Statement of responsibility, etc | GIO HUONG |
| 260 ## - PUBLICATION, DISTRIBUTION, ETC. (IMPRINT) | |
| Place of publication, distribution, etc | Delhi |
| Name of publisher, distributor, etc | Eastern Book Linkers |
| Date of publication, distribution, etc | 2012 |
| 270 ## - ADDRESS | |
| Address | H.O.5825, New Chandrawal, Jawahar Nagar |
| City | Delhi |
| Postal code | 110002 |
| 300 ## - PHYSICAL DESCRIPTION | |
| Extent | 187p. |
| Dimensions | 22cm(hb) |
| 942 ## - ADDED ENTRY ELEMENTS (KOHA) | |
| Source of classification or shelving scheme | Dewey Decimal Classification |
| Item type | English Books |
| Classification part | 294.3376 |
| Call number suffix | GIO |
| Withdrawn status | Lost status | Not for loan | Collection code | Home library | Current library | Date acquired | Source of acquisition | Cost, normal purchase price | Full call number | Barcode | Copy number | Cost, replacement price | Koha item type |
|---|---|---|---|---|---|---|---|---|---|---|---|---|---|
| Non-fiction | Shahdara Branch | Shahdara Branch | 27/07/2022 | DBAD/PUB | 550.00 | 294.3376 GIO | EN-117534 | 1 | 550.00 | English Books |
